'CH' Words Quiz Stats

 Plays Quiz Updated Aug 5, 2017

Support Sporcle.
Go Orange.
Score 0/30 Timer 05:00
0 Plays Today
% Correct
Christmas
99.1%
Character
94.9%
Christopher
92.9%
Chameleon
92.4%
Cheese
92.4%
Chaos
92.1%
Cheetah
91.6%
Checkmark
91.6%
Chopsticks
91%
Chemistry
89.4%
Charles
89%
Chainsaw
87.8%
Charisma
87.2%
Chess
84.8%
Chlorine
80.7%
% Correct
Chord
79.4%
Chores
77.7%
Chafe
77.4%
Chrysler
71.4%
Chihuahua
71.1%
Chasm
71%
China
70.6%
Chimney
69.6%
Cholera
67.7%
Chronological
54.8%
Chelsea
53.4%
Chimera
52.6%
Chutney
47.6%
Chickadee
33%
Choreographer
27.1%

You're not logged in!

Compare scores with friends on all Sporcle quizzes.
OR
Log In

From the Vault

Multiple NCAA Basketball Championships

by ESPN

It's takes a lot to win it all. Twice. (Or eleven times.)
Remove Ads.
Support Sporcle.
Get the best of Sporcle when you Go Orange. This ad-free experience offers more features, more stats, and more fun while also helping to support Sporcle. Thank you for becoming a member.

Show Comments

Extras

Top Quizzes Today


Score Distribution

Your Account Isn't Verified!

In order to create a playlist on Sporcle, you need to verify the email address you used during registration. Go to your Sporcle Settings to finish the process.

Report this User

Report this user for behavior that violates our Community Guidelines.

Details: